Parametrisation for boundary value problems with transcendental non linearities using polynomial interpolation
A constructive technique of analysis involving parametrisation and polynomial interpolation is suggested for general non-local problems for ordinary differential systems with locally Lipschitzian transcendental non-linearities. The practical application of the approach is shown on a numerical exampl...
Elmentve itt :
| Szerzők: | |
|---|---|
| Dokumentumtípus: | Folyóirat |
| Megjelent: |
2018
|
| Sorozat: | Electronic journal of qualitative theory of differential equations : special edition
3 No. 59 |
| Kulcsszavak: | Differenciálegyenlet - határérték probléma, Interpoláció, Parametrizáció |
| Online Access: | http://acta.bibl.u-szeged.hu/55729 |
| LEADER | 01180nas a2200217 i 4500 | ||
|---|---|---|---|
| 001 | acta55729 | ||
| 005 | 20260224081030.0 | ||
| 008 | 181107s2018 hu o 000 hun d | ||
| 022 | |a 1417-3875 | ||
| 040 | |a SZTE Egyetemi Kiadványok Repozitórium |b hun | ||
| 041 | |a hun | ||
| 100 | 1 | |a Rontó András | |
| 245 | 1 | 0 | |a Parametrisation for boundary value problems with transcendental non linearities using polynomial interpolation |h [elektronikus dokumentum] / |c Rontó András |
| 260 | |c 2018 | ||
| 300 | |a 1-22 | ||
| 490 | 0 | |a Electronic journal of qualitative theory of differential equations : special edition |v 3 No. 59 | |
| 520 | 3 | |a A constructive technique of analysis involving parametrisation and polynomial interpolation is suggested for general non-local problems for ordinary differential systems with locally Lipschitzian transcendental non-linearities. The practical application of the approach is shown on a numerical example. | |
| 695 | |a Differenciálegyenlet - határérték probléma, Interpoláció, Parametrizáció | ||
| 700 | 0 | 1 | |a Rontó Miklós |e aut |
| 700 | 0 | 1 | |a Shchobak Natalya |e aut |
| 856 | 4 | 0 | |u http://acta.bibl.u-szeged.hu/55729/1/ejqtde_2018_059.pdf |z Dokumentum-elérés |